000 00345nam a2200133Ia 4500
005 20260328104323.0
008 260328s9999||||xx |||||||||||||| ||und||
100 _aBrace Taylor, Brian
245 0 _aGeoffrey Bawa :
_b Architect in Sri Lanka /
_cBrian Brace Taylor
260 _bA Mimar Book
300 _a181 p.
650 _aCASAS
942 _cBK
999 _c11419
_d11419